Plus beaux garçons de l'IEP de Toulouse - Statistiques

Statistiques générales
  • Ce quiz a été pris 26 fois
  • Le résultat moyen est 10 sur 19
Statistiques - réponses
Description Prénom du BG % Correct
Il est en couple avec Lise (désolé les filles) Antoine
93%
Il est dans les critères d'Hitler Marin
93%
On l'appelle le surfeur Louis
71%
Tout simplement le plus beau de l'IEP Titouan
71%
L'inventeur de la shitipane Alexis
64%
Dark Sasuke Cyprien
64%
Rappeur préféré de ton rappeur préféré Kosta
64%
Loris Giuliano Timothée
57%
En relation assez particulière avec l'un de ses collègues Arthus
50%
Flop man Elie
50%
Fils d'agriculteur et circoncis (jet très puissant) Rafael
50%
Le plus grand guetteur de France Clément
43%
Le canulariste Damien
43%
Aurait fracturer la voiture de son pote pour lui voler ses affaires (enquête encore en cours) Quentin
43%
Aurait participé à Mai 68 et la révo d'octobre Solal
43%
Penseur, politique, philosophe, orateur, très modeste Vasco
43%
Bavette d'aloyau et diamant sur LOL Clément
36%
Fils caché de Nurmagomedov Mati
36%
Tape sa tête contre le mur en cas de manque de référent VSS Clément
29%
Aucun quiz correspondant
Distribution des résultats
% des personnes avec chaque résultat
Percentile par nombre de réponses
Votre historique - résultats
Vous n’avez pas pris ce quiz